Christian Bale - Roles by Picture - Statistics

General Stats
  • This quiz has been taken 37 times
  • The average score is 8 of 51
Answer Stats
Picture Answer % Correct
Batman / Bruce Wayne
82%
Patrick Bateman
77%
Jesus of Nazareth
59%
Dick Cheney
55%
Gorr, the God Butcher
45%
Howl Jenkins Pendragon
32%
Dicky Eklund
27%
Bagheera
23%
John Preston
23%
Jack Kelly
18%
John Connor
18%
Ken Miles
18%
Theodore 'Laurie' Laurence
18%
Thomas
18%
Trevor Reznik
18%
Burt Berendsen
14%
Capt. Joseph J. Blocker
14%
Dan Evans
14%
Michael Burry
14%
Moses
14%
Alfred Borden
9%
Amled
9%
Augustus Landor
9%
Chris Myers
9%
Demetrius
9%
Dieter Dengler
9%
Irving Rosenfeld
9%
Jack Rollins / Pastor John
9%
Jamie 'Jim' Graham
9%
Jim Luther Davis
9%
John Miller
9%
John Rolfe
9%
Mandras
9%
Melvin Purvis
9%
Quinn Abercromby
9%
Rick
9%
Russell Baze
9%
Sam
9%
Walter Wade Jr.
9%
Arthur Stuart
5%
Ben Harris
5%
Bobby Platt
5%
Chris Lloyd
5%
Edward Rosier
5%
Jim Hawkins
5%
Jum-Jum / Benke
5%
Robin, the Luggage-Boy
5%
Stevie
5%
Thomas Berger
5%
Tim Perkins
5%
Tsarevich Alexei
5%
No matching quizzes found
Score Distribution
Percent of People with Each Score
Percentile by Number Answered
Your Score History
You have not taken this quiz